00588nam a22001817a 450000500170000001000150001702000260003203500130005803700130007108200140008410000190009824500880011726000480020527000800025330000330033350000190036670000210038520151127111932.0 aENG-114154 c595.00a9789350353257 aEN-97686 bDBAD/PUB a346.54017 aMalhotra, Anil aSurrogacy in India :cby Anil Malhotra [and] Ranjit Malhotraba law in the making / aNew Delhi bUniversal Law Publishing c2013 aC-FF-1A, Dilkhush Industrial Estate, G.T. Karnal Road, bNew Delhi e110033 axxiii,183p.:c25cm(Hb)bill. aIncludes index aMalhotra, Ranjit